• 首页
  • 本馆介绍
  • 公告通知
  • 最新文献
  • 馆藏检索
  • 电子资源
  • 读者导购
  • 参考咨询
  • 我的图书馆
  • 登录
  • 详细信息显示
  • 放入我的书架
  • 预约/预借图书
  • 作者相关作品
  • 分类相关作品
  • 丛书相关作品
  • 出版社相关作品

书目信息

  • 表格格式
  • 工作单格式
  • 卡片格式
题名:
亚麻籽营养+美味
    
 
作者: 孙建琴 主编
分册:  
出版信息: 上海   复旦大学出版社  2019
页数: 184页
开本: 24cm
丛书名:
单 册:
中图分类: S563.2 , R247.1
科图分类:
主题词: 亚麻--籽粒--基本知识 , 亚麻--籽粒--食物疗法
电子资源:
ISBN: 978-7-309-14551-9
000 01202nam0 2200253 45
001 012001003419
005 20140130150918.0
010    @a978-7-309-14551-9@dCNY45.00
100    @a20190830d2019 em y0chiy0110 ea
101 0  @achi
102    @aCN@b310000
105    @ay z 000yy
106    @ar
200 1  @a亚麻籽营养+美味@9ya ma zi ying yang + mei wei@f孙建琴主编
210    @a上海@c复旦大学出版社@d2019
215    @a184页@d24cm
330    @a本书契合现代人的饮食理念和习惯,通过有效、有趣、简单易操作的各种方式,将营养学、临床研究、科普、食疗等跨界因素进行系统整合跨界应用,将纯天然的现代人必须营养素细雨润无声的融入百姓饮食。全书分为上中下三篇。上篇介绍亚麻籽的基础知识。具体包括:什么是亚麻籽、亚麻籽的营养特点、亚麻籽与其他食物的异同、不同性状的亚麻籽食品、亚麻籽怎么吃、如何安全食用亚麻籽。中篇介绍亚麻籽对高血压、高脂血症、血糖异常、慢性便秘、肥胖、更年期综合征等疾病的助益作用。下篇为亚麻籽美食篇,配有精美图片和文字说明,介绍了亚麻籽可以制作的家常美食。
606 0  @a亚麻@x籽粒@x基本知识
606 0  @a亚麻@x籽粒@x食物疗法
690    @aS563.2@v5
690    @aR247.1@v5
701  0 @a孙建琴@9sun jian qin@4主编
801  0 @aCN@b北京卓展@c20191020
905    @b1211572-5@dS563.2@e111@f4
    
    亚麻籽营养+美味/孙建琴主编.-上海:复旦大学出版社,2019
    184页;24cm
    
    
    ISBN 978-7-309-14551-9:CNY45.00
    本书契合现代人的饮食理念和习惯,通过有效、有趣、简单易操作的各种方式,将营养学、临床研究、科普、食疗等跨界因素进行系统整合跨界应用,将纯天然的现代人必须营养素细雨润无声的融入百姓饮食。全书分为上中下三篇。上篇介绍亚麻籽的基础知识。具体包括:什么是亚麻籽、亚麻籽的营养特点、亚麻籽与其他食物的异同、不同性状的亚麻籽食品、亚麻籽怎么吃、如何安全食用亚麻籽。中篇介绍亚麻籽对高血压、高脂血症、血糖异常、慢性便秘、肥胖、更年期综合征等疾病的助益作用。下篇为亚麻籽美食篇,配有精美图片和文字说明,介绍了亚麻籽可以制作的家常美食。
●
相关链接 在E读中查询图书 在五车中查询图书 在当当中查询图书 在豆瓣中查询图书


正题名:亚麻籽营养+美味     索取号:S563.2/111         预约/预借

序号 登录号 条形码 馆藏地/架位号 状态 备注
1 1211572   212115726   第二样本阅览室/ [索取号:S563.2/111] 在馆    
2 1211573   212115735   第三借阅区/ [索取号:S563.2/111] 在馆    
3 1211574   212115744   第三借阅区/ [索取号:S563.2/111] 在馆    
4 1211575   212115753   第三借阅区/ [索取号:S563.2/111] 在馆    
唐山师范学院图书馆 欢迎您!
大连网信软件有限公司© 版权所有